Normal view
MARC view
- Drogas
Entry Materia
001 - NÚMERO DE CONTROL DEL REGISTRO
- campo de control: 12005
003 - IDENTIFICADOR DE NUMERO DE CONTROL
- campo de control: MX-MxUPN
005 - FECHA Y HORA DE LA ÚLTIMA TRANSACCIÓN
- campo de control: 20240307122341.0
008 - DATOS DE LONGITUD FIJA
- campo de control de longitud fija: 240307da fnnnnbabn b ana |d
035 ## - NÚMERO DE CONTROL DEL SISTEMA
- Número de control del sistema: UPN10000012012
040 ## - FUENTE DE LA CATALOGACIÓN
- Lengua de catalogación: spa
- Centro catalogador de origen: MX-MxUPN
150 ## - ENCABEZAMIENTO - TEMÁTICO
- Término de materia o nombre geográfico como elemento inicial: Drogas
- Subdivisión de materia general: Leyes y legislación
- Subdivisión geográfica: México
670 ## - FUENTE EN LA QUE SE LOCALIZARON DATOS
- Cita de la fuente: LC Subjetc headings, 2022 :
- Información localizada: página D-282 (Drugs - Law and legislation (May Subd Geog)
- Identificador Uniforme del Recurso: https://www.loc.gov/aba/publications/FreeLCSH/freelcsh.html
902 ## - CATALOGADOR
- Catalogador: MMA/020409
- Catalogador: VíctorGodínez/070324
